00394 a2200121 4500001000900000005001700009008004100026245007100067100002200138700002100160773007400181999001700255ART_567320260410161828.0260409a 10aLos problemas del financiamiento de la pequeña y mediana empresa1 aSalloum, Damián1 aVigier, Hernán0 tEstudios Económicosg- Vol. 13, Nº 29/30 (ene./dic. 1997)wREV5080 c22940d22940